Situación de derecho en virtud de su contrato con el Estado : situación de hecho por la obra realizada / La Compañía Telefónica Nacional de España situación de hecho por la obra realizada / La Compañía Telefónica Nacional de España
Descripción Física:
278 p. : gràfics ; 22 cm
MARC
| LEADER | 00000nam a2200000Ia 4500 | ||
|---|---|---|---|
| 001 | 18800 | ||
| 008 | 160829s1933 xx 000 0 cat d | ||
| 080 | |a C-2-491 | ||
| 100 | |a Compañía Telefónica Nacional de España |9 44071 | ||
| 245 | |a Situación de derecho en virtud de su contrato con el Estado : |b situación de hecho por la obra realizada / La Compañía Telefónica Nacional de España | ||
| 260 | |a Madrid : |b J. Sánchez de Ocaña, |c 1933 | ||
| 300 | |a 278 p. : |b gràfics ; |c 22 cm | ||
| 650 | |a Compañía Telefónica Nacional de España |9 44072 | ||
| 650 | |a Telèfon |x Espanya |9 44073 | ||
| 901 | |a Arxiu | ||
| 942 | |n 1 | ||
| 952 | |0 0 |1 0 |4 0 |6 C2491 |7 1 |9 51780 |a Arxiu |b Arxiu |d 2016-12-01 |l 0 |o C-2-491 |p 18800 |r 2016-12-01 00:00:00 |w 2016-12-01 |y ARXIU | ||
| 999 | |c 55626 |d 55626 | ||